000 01263nam a2200313 i 4500
001 768714001
003 CO-MdFUSB
005 20230307104320.0
007 ta
008 230307t2017 -us |||| |||| 00| 0 eng d
020 _a9781907713989
040 _aCO-MdFUSB
_bspa
_cCO-MdFUSB
_dCO-MdFUSBC
_erda
041 _aeng
082 _223
_a223.207
_bV718
100 _aVillanueva, Federico G.
_eautor
245 1 _aIt's ok to be not ok :
_bpreaching the lament psalms
_c/ Federico G. Villanueva
264 1 _aCarlisle :
_bLangham Creative Projects,
_c[2017]
264 4 _c© 2017
300 _a135 páginas
_c; 23 cm
336 _2rdacontent
_atexto
_btxt
337 _2rdamedia
_asin mediación
_bn
338 _2rdacarrier
_avolumen
_bnc
505 _aAprendiendo de los Salmos de Lamento. -- Está bien estar deprimido. -- Está bien estar triste. -- Está bien llorar. -- Está bien tener miedo. -- Está bien luchar. -- Está bien estar enojado. -- Está bien cuestionar a Dios. -- Está bien fallar. -- Conclusión. -- Apéndice Ejemplos de sermones sobre salmos de lamento. -- Otras lecturas.
563 _aRústico
630 0 7 _aBiblia.
_pSalmos
_xCrítica, interpretación, etc.
942 _cBK
945 _aJTF-925
999 _c68514
_d68514